000 00818nam1a22002291i 4500
001 rc\2954522
005 20240723223528.0
035 _a(NLR Aleph) 007101817
090 _a6678448
_c6678448
100 _a20110831d1934 |||y0rusy50 ca
101 0 _arus
102 _aRU
105 _ay z |||||
200 1 _aЭлектронная теория
_eКонспект лекций
_fПроф. А.К. Тимирязев
_g1 Моск. ун-т. Физ. фак-т
210 _aМосква
_cБ. и.
_d1934
_gстеклография ТМП Дзержин. райсов.
215 _d30х21 см
300 _aСтеклогр. изд.
700 1 _aТимирязев
_bА.К.
_f1880-
_gАркадий Климентович
801 0 _aRU
_bNLR
_gpsbo
801 1 _aRU
_bELAR
_2rusmarc
852 _aNLR
_j34-20/86(2)
942 _cBOOK